[Event "Bangkok Big Rook op"]
[Site "Bangkok"]
[Date "2024.02.25"]
[Round "4"]
[White "Teerapabpaisit, Wisuwat"]
[Black "Frost, Peter"]
[Result "1-0"]
[WhiteElo "2052"]
[BlackElo "1637"]
[PlyCount "67"]
[EventDate "2024.02.23"]
[EventType "swiss"]
[EventRounds "7"]
[EventCountry "THA"]
[SourceTitle "CB10_2024"]
[SourceDate "2024.03.06"]
[SourceVersion "1"]
[SourceVersionDate "2024.03.06"]
[SourceQuality "1"]

1. e4 c5 2. Nf3 d6 3. d4 cxd4 4. Nxd4 Nf6 5. Nc3 Nc6 6. f3 e5 7. Nb3 Be7 8. Be3 0-0 9. Qd2 a5 10. Bb5 Be6 11. Rd1 Qc7 12. Qf2 Nd7 13. 0-0 f5 14. exf5 Rxf5 15. Qe2 Nb6 16. Kh1 a4 17. Bxb6 Qxb6 18. Bc4 Bxc4 19. Qxc4+ Kh8 20. Nd5 Qd8 21. Nd2 a3 22. b4 Nd4 23. c3 Nc6 24. Ne4 Bg5 25. Qb5 Ne7 26. Nb6 d5 27. Nxd5 Nxd5 28. Rxd5 Qf8 29. Qd3 Bf4 30. g3 Bh6 31. g4 Rf4 32. g5 Rh4 33. gxh6 Rxh6 34. Rd1 1-0

[Event "Bangkok Big Rook op"]
[Site "Bangkok"]
[Date "2024.02.24"]
[Round "2"]
[White "Ko, Ko Ohn"]
[Black "Frost, Peter"]
[Result "1-0"]
[WhiteElo "2126"]
[BlackElo "1637"]
[PlyCount "83"]
[EventDate "2024.02.23"]
[EventType "swiss"]
[EventRounds "7"]
[EventCountry "THA"]
[SourceTitle "CB10_2024"]
[SourceDate "2024.03.06"]
[SourceVersion "1"]
[SourceVersionDate "2024.03.06"]
[SourceQuality "1"]

1. e4 c5 2. Nf3 d6 3. d4 cxd4 4. Nxd4 Nf6 5. f3 Nc6 6. c4 e6 7. Nc3 Be7 8. Be2 0-0 9. Nc2 b6 10. 0-0 Bb7 11. Be3 a6 12. Bf2 Qc7 13. Rc1 Rac8 14. Ne3 Qb8 15. g4 Rfe8 16. f4 Rcd8 17. g5 Nd7 18. h4 Nc5 19. Bg3 Bf8 20. Bf3 b5 21. Re1 b4 22. Nb1 Qa8 23. Ng4 Ne7 24. Qc2 Nf5 25. Bf2 Rc8 26. Nd2 a5 27. b3 Ne7 28. Qb1 Red8 29. Nf1 Nf5 30. Bg2 Ne7 31. Ng3 Ng6 32. Nh5 d5 33. exd5 exd5 34. f5 Nh8 35. f6 g6 36. Ng7 Bxg7 37. fxg7 dxc4 38. gxh8Q+ Kxh8 39. Bxb7 Qxb7 40. Rxc4 Qf3 41. Qa1+ Kg8 42. Nh6+ 1-0

[Event "Bangkok Big Rook op"]
[Site "Bangkok"]
[Date "2023.05.05"]
[Round "2"]
[White "Frost, Peter"]
[Black "Osterhus, Omar Torbjorn"]
[Result "1-0"]
[WhiteElo "1671"]
[BlackElo "1384"]
[PlyCount "112"]
[EventDate "2023.05.04"]
[EventType "swiss"]
[EventRounds "7"]
[EventCountry "THA"]
[SourceTitle "CBM 214 Extra"]
[Source "ChessBase"]
[SourceDate "2023.07.31"]
[SourceVersion "1"]
[SourceVersionDate "2023.07.31"]
[SourceQuality "1"]

1. d4 d5 2. c4 c6 3. cxd5 cxd5 4. Bg5 Nf6 5. Bxf6 exf6 6. Nc3 Be6 7. e3 Nc6 8. Rc1 Be7 9. Bd3 0-0 10. Nge2 Qd7 11. 0-0 a6 12. Na4 Rab8 13. Nc5 Bxc5 14. Rxc5 Rfc8 15. a3 Ne7 16. Qb1 f5 17. Rfc1 Rxc5 18. Rxc5 Rc8 19. Qc2 Rc6 20. b4 Qc8 21. g3 g6 22. Nc1 Kg7 23. Nb3 Rxc5 24. dxc5 Nc6 25. Qc3+ f6 26. f4 Qd7 27. Nd4 Nxd4 28. exd4 Qa4 29. Bc2 Qb5 30. Qd3 Qxd3 31. Bxd3 Bd7 32. Kf2 Kf7 33. Ke3 Ke6 34. Kd2 Ba4 35. Be2 Ke7 36. Kc3 Ke6 37. Bf3 Bd7 38. Kb3 Bc6 39. a4 Be8 40. Be2 Bd7 41. Bd3 Be8 42. Bf1 Bd7 43. b5 axb5 44. axb5 Ke7 45. Kb4 Kd8 46. Ka5 Kc7 47. b6+ Kb8 48. Bb5 Be6 49. Be8 Bg8 50. Bd7 Bf7 51. Kb5 Bg8 52. c6 bxc6+ 53. Bxc6 Bf7 54. Kc5 Kc8 55. Kd6 Kd8 56. b7 Be8 1-0

[Event "Penang op-A 14th"]
[Site "Penang"]
[Date "2022.12.24"]
[Round "9"]
[White "Lavrov, Maxim"]
[Black "Frost, Peter"]
[Result "1-0"]
[WhiteElo "2376"]
[BlackElo "1716"]
[PlyCount "87"]
[EventDate "2022.12.19"]
[EventType "swiss"]
[EventRounds "9"]
[EventCountry "MAS"]
[SourceTitle "CBM 211 Extra"]
[Source "ChessBase"]
[SourceDate "2023.01.31"]
[SourceVersion "1"]
[SourceVersionDate "2023.01.31"]
[SourceQuality "1"]

1. e4 c5 2. Nf3 d6 3. g3 Nc6 4. Bg2 Nf6 5. d3 e6 6. 0-0 Be7 7. b3 0-0 8. Bb2 Rb8 9. Nbd2 b5 10. Re1 a5 11. a4 bxa4 12. Rxa4 d5 13. Ne5 Nxe5 14. Bxe5 Rb4 15. Ra1 Rb6 16. Rxa5 Ra6 17. Rxa6 Bxa6 18. exd5 exd5 19. Qa1 Bc8 20. Qa7 Be6 21. Bxf6 gxf6 22. Bxd5 Qxd5 23. Qxe7 f5 24. Qg5+ Kh8 25. Qf6+ Kg8 26. h4 Ra8 27. h5 Qd4 28. Qxd4 cxd4 29. Nf3 Rd8 30. Ra1 f4 31. Ra4 Rd5 32. h6 f6 33. Rxd4 fxg3 34. Rxd5 gxf2+ 35. Kxf2 Bxd5 36. c4 Bb7 37. b4 Kf7 38. Nd4 Ke7 39. c5 Kd7 40. b5 Bd5 41. Ke3 Bf7 42. b6 Bg6 43. c6+ Kc8 44. Nb5 1-0

[Event "Phuket Blue Chevaliers op"]
[Site "Phuket"]
[Date "2022.07.12"]
[Round "2"]
[White "Salvador, Louie"]
[Black "Frost, Peter"]
[Result "1-0"]
[WhiteElo "2151"]
[BlackElo "1752"]
[PlyCount "55"]
[EventDate "2022.07.11"]
[EventType "swiss"]
[EventRounds "9"]
[EventCountry "THA"]
[SourceTitle "CBM 209 Extra"]
[Source "ChessBase"]
[SourceDate "2022.09.30"]
[SourceVersion "1"]
[SourceVersionDate "2022.09.30"]
[SourceQuality "1"]

1. e4 e5 2. Nf3 Nc6 3. Bc4 Be7 4. d4 d6 5. Nc3 Nf6 6. 0-0 Bg4 7. Bb5 Bd7 8. dxe5 Nxe5 9. Be2 Nxf3+ 10. Bxf3 0-0 11. a4 Re8 12. a5 Bc6 13. Re1 h6 14. Be3 Bf8 15. Bd4 g6 16. a6 b6 17. e5 Bxf3 18. Qxf3 Nd7 19. exd6 Bxd6 20. Rxe8+ Qxe8 21. Nd5 Qe6 22. Nxc7 Bxc7 23. Qxa8+ Bb8 24. c3 Kh7 25. Qb7 Qd6 26. g3 h5 27. Re1 h4 28. Re8 1-0

[Event "Bangkok Thailand op"]
[Site "Bangkok"]
[Date "2021.12.20"]
[Round "7"]
[White "Frost, Peter"]
[Black "Calacday, Henry"]
[Result "1-0"]
[WhiteElo "1755"]
[BlackElo "1794"]
[PlyCount "85"]
[EventDate "2021.12.15"]
[EventType "swiss"]
[EventRounds "9"]
[EventCountry "THA"]
[SourceTitle "CBM 206 Extra"]
[Source "ChessBase"]
[SourceDate "2022.03.31"]
[SourceVersion "1"]
[SourceVersionDate "2022.03.31"]
[SourceQuality "1"]

1. Nf3 g6 2. c4 Bg7 3. g3 d6 4. Bg2 Nc6 5. 0-0 e5 6. Nc3 f5 7. d3 Nf6 8. Bd2 0-0 9. Rb1 a6 10. b4 h6 11. a4 g5 12. b5 Nd4 13. Nxd4 exd4 14. Nd5 axb5 15. axb5 Ng4 16. Ra1 Rxa1 17. Qxa1 Qe8 18. Re1 c6 19. bxc6 bxc6 20. Nb4 f4 21. Rf1 Qh5 22. h3 fxg3 23. fxg3 Ne3 24. Rxf8+ Kxf8 25. Bxe3 dxe3 26. Qa8 Qe8 27. Bxc6 Bd7 28. Qxe8+ Kxe8 29. Bxd7+ Kxd7 30. Nd5 Ke6 31. Kg2 Bd4 32. Kf3 Ke5 33. g4 Bc5 34. Nxe3 Kf6 35. Ke4 Kg6 36. Nf5 h5 37. Kd5 hxg4 38. hxg4 Kf6 39. Nxd6 Be3 40. Nf5 Bf4 41. d4 Kf7 42. e3 Bh2 43. e4 1-0

[Event "Bangkok Thailand op"]
[Site "Bangkok"]
[Date "2021.12.19"]
[Round "6"]
[White "Kunanantakul, Kunawach"]
[Black "Frost, Peter"]
[Result "1/2-1/2"]
[WhiteElo "1386"]
[BlackElo "1755"]
[PlyCount "146"]
[EventDate "2021.12.15"]
[EventType "swiss"]
[EventRounds "9"]
[EventCountry "THA"]
[SourceTitle "CBM 206 Extra"]
[Source "ChessBase"]
[SourceDate "2022.03.31"]
[SourceVersion "1"]
[SourceVersionDate "2022.03.31"]
[SourceQuality "1"]

1. d4 Nf6 2. c4 e6 3. Nf3 d5 4. Nc3 Be7 5. Bf4 0-0 6. e3 b6 7. Bd3 Bb7 8. 0-0 c5 9. cxd5 exd5 10. Rc1 a6 11. Qe2 Nbd7 12. Rfd1 Re8 13. h3 c4 14. Bb1 b5 15. Qf1 b4 16. Ne2 a5 17. Ng3 Bf8 18. Ne5 Rc8 19. Nxd7 Nxd7 20. Qe2 g6 21. Qg4 Nf6 22. Qh4 Ne4 23. Qxd8 Rexd8 24. Bxe4 dxe4 25. Kf1 f6 26. Ne2 Bd5 27. Ke1 Rc6 28. Kd2 Rdc8 29. Kc2 c3 30. b3 Ra8 31. Ra1 Kf7 32. Rf1 g5 33. Bg3 Kg6 34. f3 f5 35. f4 h6 36. fxg5 hxg5 37. h4 Be7 38. hxg5 Bxg5 39. Nf4+ Bxf4 40. Bxf4 a4 41. Rh1 Rca6 42. Rh6+ Kg7 43. Rxa6 Rxa6 44. bxa4 Rxa4 45. Bd6 b3+ 46. Kxc3 Rc4+ 47. Kb2 Rc2+ 48. Ka3 bxa2 49. g3 Re2 50. Bf4 Kf7 51. Kb4 Rb2+ 52. Ka3 Rb1 53. Rxa2 Bxa2 54. Kxa2 Rb5 55. Ka3 Ke6 56. Ka2 Kd5 57. Ka3 Kc4 58. Ka4 Rb1 59. Ka5 Rb3 60. Ka6 Kd5 61. Ka5 Rb1 62. Ka6 Rd1 63. Kb5 Rb1+ 64. Ka4 Kc4 65. Ka5 Rd1 66. Kb6 Kd5 67. Kc7 Ke6 68. Kc6 Rc1+ 69. Kb6 Kd5 70. Kb5 Rb1+ 71. Ka5 Rd1 72. Kb5 Rc1 73. Kb4 Rc8 1/2-1/2

[Event "THA-chT op"]
[Site "Bangkok"]
[Date "2020.12.13"]
[Round "8.3"]
[White "Frost, Peter"]
[Black "Chotitada, Siwawong"]
[Result "1/2-1/2"]
[WhiteElo "1728"]
[BlackElo "1716"]
[PlyCount "109"]
[EventDate "2020.12.10"]
[EventType "team-swiss"]
[EventRounds "9"]
[EventCountry "THA"]
[SourceTitle "CBM 199 Extra"]
[Source "ChessBase"]
[SourceDate "2021.01.31"]
[SourceVersion "1"]
[SourceVersionDate "2021.01.31"]
[SourceQuality "1"]
[WhiteTeam "Chess Avengers 101"]
[BlackTeam "Chiang Mai"]
[WhiteTeamCountry "THA"]
[BlackTeamCountry "THA"]

1. d4 Nf6 2. c4 e6 3. g3 d5 4. Nf3 Be7 5. Bg2 0-0 6. 0-0 b6 7. Qc2 Bb7 8. Rd1 dxc4 9. Qxc4 Nbd7 10. Qc2 Rc8 11. Nc3 c5 12. e3 Qc7 13. Qe2 Qb8 14. Bd2 Qa8 15. Ne1 Rfd8 16. Bxb7 Qxb7 17. Qf3 Qxf3 18. Nxf3 Nb8 19. Rac1 Nc6 20. dxc5 Bxc5 21. Be1 Rxd1 22. Rxd1 Bb4 23. Kf1 Kf8 24. Ke2 Bxc3 25. Bxc3 Ne4 26. Rc1 Ne7 27. Bd2 Rxc1 28. Bxc1 Nc6 29. Nd2 Nxd2 30. Bxd2 f5 31. f3 Ke7 32. Bc3 g6 33. Kd3 Kd6 34. e4 b5 35. exf5 gxf5 36. b3 Kd5 37. h3 h5 38. g4 hxg4 39. hxg4 f4 40. g5 Ne5+ 41. Bxe5 Kxe5 42. g6 Kf6 43. Ke4 Kxg6 44. Kxf4 Kf6 45. Ke4 e5 46. f4 exf4 47. Kxf4 a5 48. a3 Ke6 49. Ke4 Kd6 50. Kd4 Kc6 51. Kc3 Kc5 52. b4+ axb4+ 53. axb4+ Kd5 54. Kd3 Ke5 55. Ke3 1/2-1/2

[Event "Bangkok Chinese New Year op"]
[Site "Bangkok"]
[Date "2020.01.26"]
[Round "9"]
[White "Culasing, Michael"]
[Black "Frost, Peter"]
[Result "1/2-1/2"]
[WhiteElo "1799"]
[BlackElo "1839"]
[PlyCount "160"]
[EventDate "2020.01.25"]
[EventType "swiss (rapid)"]
[EventRounds "9"]
[EventCountry "THA"]
[SourceTitle "CBM 194 Extra"]
[Source "ChessBase"]
[SourceDate "2020.03.31"]
[SourceVersion "1"]
[SourceVersionDate "2020.03.31"]
[SourceQuality "1"]

1. Nf3 Nf6 2. b3 d5 3. Bb2 c5 4. e3 Nc6 5. Bb5 Bd7 6. d4 e6 7. Nbd2 Be7 8. 0-0 0-0 9. Bxc6 Bxc6 10. Ne5 Rc8 11. Rc1 Nd7 12. f4 f6 13. Nxc6 Rxc6 14. Qg4 cxd4 15. exd4 f5 16. Qe2 Nf6 17. c4 Ne4 18. Nf3 Bf6 19. Ne5 Bxe5 20. dxe5 Qb6+ 21. Kh1 dxc4 22. bxc4 Rd8 23. Rc2 Rc7 24. Bc1 a6 25. Be3 Qc6 26. Kg1 Rcd7 27. g4 g6 28. g5 Rd3 29. Rf3 Rd1+ 30. Kg2 Nc5 31. Rd2 R1xd2 32. Bxd2 Ne4 33. Be1 Qd7 34. h4 Qd1 35. Re3 Qxe2+ 36. Rxe2 Rd4 37. Rb2 Rxc4 38. Rxb7 Rc2+ 39. Kf3 Rxa2 40. Bb4 a5 41. Be7 a4 42. Rb8+ Kf7 43. Rb7 Kg8 44. Bf6 Ra3+ 45. Ke2 Ra2+ 46. Kd1 Nc3+ 47. Ke1 a3 48. Rg7+ Kf8 49. Rxh7 Ra1+ 50. Kd2 a2 51. Rh8+ Kf7 52. Rh7+ Ke8 53. Rh8+ Kd7 54. Rd8+ Kc7 55. Ra8 Rd1+ 56. Kxc3 a1Q+ 57. Rxa1 Rxa1 58. h5 gxh5 59. g6 Ra8 60. Kd3 Rg8 61. g7 Kd7 62. Ke3 h4 63. Kf3 h3 64. Kg3 h2 65. Kxh2 Ke8 66. Kg3 Kf7 67. Kh4 Ra8 68. Kg5 Ra1 69. Kh4 Rh1+ 70. Kg3 Rg1+ 71. Kf3 Rg4 72. Ke3 Rg3+ 73. Kf2 Rg4 74. Kf3 Rg1 75. Kf2 Rg4 76. Kf3 Rg1 77. Kf2 Ra1 78. Kg2 Ra3 79. Kf2 Ra2+ 80. Kf3 Ra1 1/2-1/2

[Event "Pattaya op"]
[Site "Pattaya"]
[Date "2019.10.27"]
[Round "6"]
[White "Sakthivel, Heamish Kanha"]
[Black "Frost, Peter"]
[Result "1/2-1/2"]
[WhiteElo "1785"]
[BlackElo "1759"]
[PlyCount "93"]
[EventDate "2019.10.23"]
[EventType "swiss"]
[EventRounds "9"]
[EventCountry "THA"]
[SourceTitle "CBM 195 Extra"]
[Source "ChessBase"]
[SourceDate "2020.05.31"]
[SourceVersion "1"]
[SourceVersionDate "2020.05.31"]
[SourceQuality "1"]

1. e4 e6 2. d4 d5 3. Nd2 c5 4. Ngf3 a6 5. c3 Nc6 6. Bd3 cxd4 7. cxd4 dxe4 8. Nxe4 Nf6 9. Nxf6+ gxf6 10. 0-0 Nb4 11. Bc4 b5 12. Bb3 Bb7 13. a3 Nd5 14. a4 Bd6 15. Qe2 Qd7 16. Bd2 Rg8 17. Kh1 Bc6 18. Rfc1 Qb7 19. Bxd5 Bxd5 20. axb5 axb5 21. Rxa8+ Qxa8 22. Qxb5+ Ke7 23. Bb4 Rc8 24. Bxd6+ Kxd6 25. Qb4+ Kd7 26. Rxc8 Qxc8 27. Qd2 Qa8 28. Ne1 Qa2 29. Qb4 Qc4 30. Qxc4 Bxc4 31. Kg1 Kc6 32. f4 Kd5 33. Nf3 Ke4 34. Kf2 Kxf4 35. Nd2 Bd5 36. g3+ Kf5 37. Ke3 e5 38. b4 Ke6 39. dxe5 fxe5 40. Ne4 h6 41. g4 f5 42. gxf5+ Kxf5 43. Nf2 Kg5 44. Nd3 Kf6 45. Nf2 Kg5 46. Nd3 Kf6 47. Nf2 1/2-1/2

[Event "Pattaya op"]
[Site "Pattaya"]
[Date "2019.10.24"]
[Round "3"]
[White "Cheong, Su Lyn"]
[Black "Frost, Peter"]
[Result "0-1"]
[WhiteElo "1536"]
[BlackElo "1759"]
[PlyCount "42"]
[EventDate "2019.10.23"]
[EventType "swiss"]
[EventRounds "9"]
[EventCountry "THA"]
[SourceTitle "CBM 195 Extra"]
[Source "ChessBase"]
[SourceDate "2020.05.31"]
[SourceVersion "1"]
[SourceVersionDate "2020.05.31"]
[SourceQuality "1"]

1. d4 d5 2. c4 e6 3. Nf3 c5 4. Nc3 Nc6 5. cxd5 exd5 6. g3 Nf6 7. Bg2 Be7 8. 0-0 0-0 9. Bg5 cxd4 10. Nxd4 h6 11. Bf4 Be6 12. Rc1 Rc8 13. Qd2 Qd7 14. Rfd1 Rfd8 15. b3 Ba3 16. Ra1 Nxd4 17. Qxd4 Bb2 18. Rac1 Bxc1 19. Rxc1 Ne4 20. Bxe4 dxe4 21. Qxe4 Rxc3 0-1

[Event "Pattaya op"]
[Site "Pattaya"]
[Date "2019.10.24"]
[Round "2"]
[White "Frost, Peter"]
[Black "Mak, Xiu Ning Charlene"]
[Result "1/2-1/2"]
[WhiteElo "1759"]
[BlackElo "1447"]
[PlyCount "72"]
[EventDate "2019.10.23"]
[EventType "swiss"]
[EventRounds "9"]
[EventCountry "THA"]
[SourceTitle "CBM 195 Extra"]
[Source "ChessBase"]
[SourceDate "2020.05.31"]
[SourceVersion "1"]
[SourceVersionDate "2020.05.31"]
[SourceQuality "1"]

1. d4 Nf6 2. c4 g6 3. Nc3 Bg7 4. e4 d6 5. h3 0-0 6. Bg5 Nbd7 7. Bd3 e5 8. d5 a5 9. Nge2 Nc5 10. Bc2 b6 11. 0-0 h6 12. Be3 Ba6 13. b3 Nh5 14. Qd2 Kh7 15. Rab1 g5 16. g3 Bc8 17. Kg2 Qd7 18. Rh1 f6 19. a3 Qf7 20. b4 Nb7 21. c5 axb4 22. axb4 bxc5 23. bxc5 Nxc5 24. Bxc5 dxc5 25. g4 Nf4+ 26. Nxf4 gxf4 27. f3 Rd8 28. Qf2 Bf8 29. Ba4 Bd7 30. Bxd7 Qxd7 31. Rb7 Ra5 32. Rhb1 Rda8 33. Qb2 Bd6 34. Rb8 R8a7 35. Rb7 Ra8 36. Rb8 R8a7 1/2-1/2

[Event "Penang Mini op 2nd"]
[Site "Penang"]
[Date "2019.06.08"]
[Round "8"]
[White "Loganathan, Divyadarrshini"]
[Black "Frost, Peter"]
[Result "0-1"]
[WhiteElo "1368"]
[BlackElo "1749"]
[PlyCount "108"]
[EventDate "2019.06.05"]
[EventType "swiss"]
[EventRounds "9"]
[EventCountry "MAS"]
[SourceTitle "CBM 190 Extra"]
[Source "ChessBase"]
[SourceDate "2019.07.15"]
[SourceVersion "1"]
[SourceVersionDate "2019.07.15"]
[SourceQuality "1"]

1. e4 c5 2. d4 e6 3. Nf3 a6 4. Nc3 cxd4 5. Nxd4 Nc6 6. Be3 d6 7. Qd2 Nf6 8. f3 Be7 9. Bc4 Qc7 10. Bb3 0-0 11. 0-0-0 Bd7 12. Kb1 Nxd4 13. Bxd4 Bc6 14. g4 Rac8 15. h4 b5 16. h5 a5 17. g5 Nd7 18. a3 b4 19. axb4 axb4 20. Na2 d5 21. Nxb4 Bxb4 22. Qxb4 dxe4 23. fxe4 Bxe4 24. Rh2 Qxh2 25. Bc3 Bd5 26. Qd4 Rxc3 27. Qxc3 Qxh5 28. Qd4 Qxg5 29. Rg1 Qe5 30. Qd3 Nc5 31. Qg3 Qxg3 32. Rxg3 Nxb3 33. cxb3 Rc8 34. Ka2 f5 35. Ka3 f4 36. Rd3 Ra8+ 37. Kb4 Rb8+ 38. Ka3 Rxb3+ 39. Rxb3 Bxb3 40. Kxb3 f3 41. Ka4 f2 42. b4 f1Q 43. b5 h5 44. Ka5 Qf3 45. Ka6 Qa8+ 46. Kb6 h4 47. Kc7 Qa7+ 48. Kc6 h3 49. b6 Qb8 50. Kb5 h2 51. Ka5 h1Q 52. Ka4 Qe4+ 53. Ka5 Qbe5+ 54. Ka6 Qa8# 0-1

[Event "Penang Mini op 2nd"]
[Site "Penang"]
[Date "2019.06.07"]
[Round "6"]
[White "Ong, Yi Herng Joel"]
[Black "Frost, Peter"]
[Result "1/2-1/2"]
[WhiteElo "1779"]
[BlackElo "1749"]
[PlyCount "63"]
[EventDate "2019.06.05"]
[EventType "swiss"]
[EventRounds "9"]
[EventCountry "MAS"]
[SourceTitle "CBM 190 Extra"]
[Source "ChessBase"]
[SourceDate "2019.07.15"]
[SourceVersion "1"]
[SourceVersionDate "2019.07.15"]
[SourceQuality "1"]

1. d4 Nf6 2. Nf3 e6 3. c4 c5 4. d5 exd5 5. cxd5 d6 6. Nc3 g6 7. e4 Bg7 8. Be2 0-0 9. 0-0 Bg4 10. Nd2 Bxe2 11. Qxe2 Re8 12. a4 Qe7 13. Re1 Nbd7 14. Nf1 h6 15. Ng3 a6 16. h3 Kh7 17. Be3 Qd8 18. f4 Qc7 19. Rad1 Qd8 20. Qf3 Rb8 21. Bf2 b5 22. axb5 axb5 23. e5 dxe5 24. f5 e4 25. Ngxe4 Ne5 26. Qg3 Nh5 27. Qh4 Qxh4 28. Bxh4 g5 29. Bf2 c4 30. Nd6 Red8 31. Ndxb5 Nd3 32. Re7 1/2-1/2

[Event "Vientiane op"]
[Site "Vientiane"]
[Date "2018.12.18"]
[Round "2"]
[White "Frost, Peter"]
[Black "Aayush, Bhattacherjee"]
[Result "1/2-1/2"]
[WhiteElo "1896"]
[BlackElo "1532"]
[PlyCount "95"]
[EventDate "2018.12.18"]
[EventType "swiss"]
[EventRounds "9"]
[EventCountry "LAO"]
[SourceTitle "CBM 187 Extra"]
[Source "ChessBase"]
[SourceDate "2018.11.04"]
[SourceVersion "1"]
[SourceVersionDate "2018.11.04"]
[SourceQuality "1"]

1. e4 e6 2. d4 d5 3. Nc3 dxe4 4. Nxe4 Nd7 5. Nf3 Ngf6 6. Bg5 Be7 7. Nxf6+ Nxf6 8. Bxf6 Bxf6 9. c3 0-0 10. Bd3 c5 11. dxc5 Qc7 12. Qc2 h6 13. 0-0-0 Qxc5 14. Bh7+ Kh8 15. Be4 Qc7 16. h4 Bd7 17. Kb1 Bc6 18. Ng5 Bxg5 19. hxg5 f5 20. Bxc6 Qxc6 21. gxh6 g6 22. f4 Rad8 23. c4 Qe4 24. Qxe4 fxe4 25. Rxd8 Rxd8 26. Kc2 Rd4 27. b3 e3 28. Re1 Rxf4 29. Rxe3 Rf2+ 30. Kc3 Rxa2 31. Rxe6 Rxg2 32. Re7 Rh2 33. Rxb7 Rxh6 34. c5 g5 35. Rxa7 g4 36. b4 g3 37. Ra1 Kg7 38. Rg1 Rg6 39. Kd4 Kf6 40. Kd5 Ke7 41. b5 Kd7 42. Kc4 Rg4+ 43. Kc3 Ke6 44. b6 Kd7 45. b7 Kc7 46. c6 Rg6 47. Kd4 Rxc6 48. Rxg3 1/2-1/2

[Event "Laos op"]
[Site "Vientiane"]
[Date "2018.01.06"]
[Round "6"]
[White "Frost, Peter"]
[Black "Le, Phi Lan"]
[Result "1-0"]
[WhiteElo "1865"]
[BlackElo "1372"]
[PlyCount "85"]
[EventDate "2018.01.03"]
[EventType "swiss"]
[EventRounds "9"]
[EventCountry "LAO"]
[SourceTitle "CBM 182 Extra"]
[Source "ChessBase"]
[SourceDate "2018.02.23"]
[SourceVersion "1"]
[SourceVersionDate "2018.02.23"]
[SourceQuality "1"]

1. c4 Nf6 2. Nc3 e6 3. e4 Bb4 4. e5 Ng8 5. Qg4 Kf8 6. Nf3 Nh6 7. Qe4 Nf5 8. d4 c6 9. Bd3 b6 10. 0-0 Na6 11. Bd2 Nc7 12. a3 Bxc3 13. Bxc3 Ba6 14. Rad1 Rb8 15. Qf4 Nh6 16. Ng5 Kg8 17. Ne4 b5 18. b3 Nf5 19. Nc5 Ne7 20. Ba5 Bb7 21. Ne4 Nf5 22. Nd6 Nh6 23. cxb5 cxb5 24. Nxb5 Nd5 25. Qd2 Qh4 26. Nd6 Ba8 27. Rfe1 Nf4 28. Be4 Nd5 29. Rc1 f5 30. Bf3 Nf7 31. g3 Qe7 32. Rc8+ Rxc8 33. Nxc8 Qxa3 34. Bxd5 Bxd5 35. Bb4 Qxb3 36. Ne7+ Kf8 37. Nxd5+ Ke8 38. Nc7+ Kd8 39. Ba5 Ke7 40. Qb4+ Qxb4 41. Bxb4+ Kd8 42. Nb5 Ng5 43. Ra1 1-0